LEADER 01046nam0-22003491i-450- 001 990003005380403321 010 $a0-88132-044-7 035 $a000300538 035 $aFED01000300538 035 $a(Aleph)000300538FED01 035 $a000300538 100 $a20000920d1986----km-y0itay50------ba 101 0 $aeng 200 1 $aAfrican Debt and Financing$fedited by C. Lancaster and J. Williamson. 210 $aWashington, DC$cInstitute for International Economics$dMay 1986 215 $a223 p.$d23 cm 225 1 $aSpecial Report$fInstitute for International Economics$v5 610 0 $aAfrica settentrionale 610 0 $aDebito estero 676 $aF/1.11 676 $aF/1.12 676 $aO/2.224 702 1$aLancaster,$bCarol 702 1$aWilliamson,$bJohn$f<1937- > 712 2$aInstitute for international economics 801 0$aIT$bUNINA$gRICA$2UNIMARC 901 $aBK 912 $a990003005380403321 952 $aF/1.11 AFR$b5170$fSES 959 $aSES 996 $aAfrican Debt and Financing$9468424 997 $aUNINA LEADER 01114nam0-2200385---450- 001 990000613260203316 005 1996053110031291 010 $a88-7928-271-9 035 $a0061326 035 $aUSA010061326 035 $a(ALEPH)000061326USA01 035 $a0061326 100 $a19960720d1995----km-y1itay0103----ba 101 $aita 102 $aIT 105 $aa|||||||001yy 200 1 $a<> profumo$estoria, cultura e tecniche$fLorenzo Villoresi$gintroduzione di Franco Cardini 210 $aFirenze$cPonte alle Grazie$d[1995] 215 $a247 p., [8] c. di tav.$cill.$d21 cm 225 2 $aLetture 410 0$12001$aLetture 606 $aProfumi 676 $a391.63 700 1$aVILLORESI,$bLorenzo$0547379 702 1$aCARDINI,$bFranco$f<1940- > 801 0$aIT$bBNI$c19960720$gRICA 912 $a990000613260203316 951 $a391.63 VIL$b2767 Farm.$c391$d00076545 959 $aBK 969 $aFAR 979 $aJOHNNY$b90$c20010907$lUSA01$h1439 979 $c20020403$lUSA01$h1711 979 $aPATRY$b90$c20040406$lUSA01$h1642 996 $aProfumo$9957749 997 $aUNISA